Normal view
MARC view
Entry Topical Term
001 - CONTROL NUMBER
- control field: 5207
003 - CONTROL NUMBER IDENTIFIER
- control field: BD-RjUL
005 - DATE AND TIME OF LATEST TRANSACTION
- control field: 20221012115817.0
008 - FIXED-LENGTH DATA ELEMENTS
- fixed length control field: 221012|| aca||aabn | a|a d
040 ## - CATALOGING SOURCE
- Original cataloging agency: BD-RjUL
- Transcribing agency: BD-RjUL
150 ## - HEADING--TOPICAL TERM
- Topical term or geographic name entry element: প্রশাসন ব্যবস্হা
- Geographic subdivision: বাংলাদেশ
- Geographic subdivision: বারবকাবাদ
- Form subdivision: ঐতিহাসিক সময়কাল
- Chronological subdivision: ১২০০-১৭৫৭
670 ## - SOURCE DATA FOUND
- Source citation: Work cat.: (BD-RjUL)80517: করিম, মো: আব্দুল 5204, বারবকাবাদ অঞ্চলের প্রশাসন :, ১৯৯৯